Badania laboratoryjne i identyfikacja niesprężystych właściwości materiałowych tkaniny powlekanej typu "PANAMA" : (Rekord nr 2351)
| 000 -ETYKIETA REKORDU | |
|---|---|
| podpole kontrolne o stałej długości | 02596nam a2200517 i 4500 |
| 003 - IDENTYFIKATOR NUMERU KONTROLNEGO REKORDU | |
| podpole kontrolne | KOSZ 005 |
| 005 - DATA OSTATNIEJ MODYFIKACJI REKORDU | |
| podpole kontrolne | 20200616113400.0 |
| 008 - POLE O STAŁEJ DŁUGOŚCI - DANE KONTROLNE | |
| podpole kontrolne o stałej długości | 150115s2002 pl a f m |000 0 pol d |
| 035 ## - NUMER SYSTEMOWY | |
| Numer systemowy przejętego rekordu | 2351 |
| 040 ## - ŹRÓDŁO KATALOGOWANIA | |
| Instytucja, która utworzyła rekord | KOSZ 005 |
| Instytucja, która sporządziła opis | KOSZ 005 |
| Instytucja, która dokonała modyfikacji | KOSZ 005/EG |
| 041 ## - KOD JĘZYKA | |
| Kod języka tekstu | pol |
| Kod języka streszczenia lub abstraktu | eng |
| -- | ger |
| 044 ## - KOD KRAJU WYDAWCY/PRODUCENTA | |
| Kod kraju wydawcy/producenta | POL |
| 046 ## - SPECIAL CODED DATES | |
| Type of date code | 2002 |
| 080 ## - UNIWERSALNA KLASYFIKACJA DZIESIĘTNA - UKD | |
| UKD | 620.17-037 |
| 084 ## - NUMER INNEJ KLASYFIKACJI | |
| Numer klasyfikacji | 630000 |
| 100 1# - NAZWA OSOBOWA | |
| Nazwa osobowa | Zagubień, Adam. |
| Określenie rodzaju współpracy | Autor |
| 245 10 - TYTUŁ/ODPOWIEDZIALNOŚĆ | |
| Tytuł | Badania laboratoryjne i identyfikacja niesprężystych właściwości materiałowych tkaniny powlekanej typu "PANAMA" : |
| Ciąg dalszy tytułu | praca doktorska / |
| Pozostałe elementy strefy tytułu i oznaczenia odpowiedzialności | Adam Zagubień ; Politechnika Koszalińska. Wydział Budownictwa i Inżynierii Środowiska. Katedra Mechaniki Budowli. |
| 260 ## - STREFA ADRESU WYDAWNICZEGO | |
| Miejsce wydania | Koszalin : |
| Nazwa wydawcy/dystrybutora | [s.n.], |
| Data publikacji, dystrybucji/powstania dokumentu | 2002. |
| 300 ## - STREFA OPISU FIZYCZNEGO | |
| Objętość | 96 stron : |
| Inne cechy fizyczne | ilustracje ; |
| Rozmiary | 30 cm + |
| Dokument towarzyszący | załącznik : 1 dysk optyczny (CD ROM) ; 2 recenzje. |
| 336 ## - TYP ZAWARTOŚCI | |
| Źródło (terminu i kodu) | rdacontent |
| Termin opisujący typ zawartości | Tekst |
| Kod określający zawartość | txt |
| 337 ## - TYP MEDIÓW | |
| Źródło (terminu i kodu) | rdamedia |
| Tryb odtwarzania | Bez urządzenia pośredniczącego |
| Kod typu mediów | n |
| 337 ## - TYP MEDIÓW | |
| Źródło (terminu i kodu) | rdamedia |
| Tryb odtwarzania | Komputer |
| Kod typu mediów | c |
| 338 ## - TYP/RODZAJ NOŚNIKA | |
| Źródło (terminu i kodu) | rdacarrier |
| Hasło opisujące typ nośnika | Wolumin |
| Kod typu nośnika | nc |
| 338 ## - TYP/RODZAJ NOŚNIKA | |
| Źródło (terminu i kodu) | rdacarrier |
| Hasło opisujące typ nośnika | Dysk komputerowy |
| Kod typu nośnika | cd |
| 500 ## - UWAGI OGÓLNE | |
| Tekst uwagi | Druk jednostronny. |
| 502 ## - UWAGA DOTYCZĄCA DYSERTACJI | |
| Informacje o dysertacji | Rozprawa doktorska. Politechnika Koszalińska. 2002. |
| 504 ## - UWAGA DOTYCZACA BIBLIOGRAFII | |
| Informacje o bibliografii | Bibliografia na stronach 91-95. |
| 506 ## - UWAGA DOTYCZĄCA OGRANICZEŃ W ROZPOWSZECHNIANIU | |
| Warunki rozpowszechniania | Dostępne online na zasadzie licencji Creative Commons wersja BY-NC 4.0. |
| 520 ## - UWAGA DOTYCZĄCA TREŚCI DOKUMENTU | |
| Analiza dokumentacyjna, adnotacja itp. | Przedmiotem pracy jest próba zastosowania lepkoplastycznych modeli konstytutywnych do opisu właściwości materiałowych tkaniny tekstylnej powlekanej PANAMA. W pracy ustalono program badań laboratoryjnych niezbędnych do określenia tych wielkości. Wykonano identyfikację parametrów materiałowych dla dwóch modeli lepkoplastycznych związków konstytutywnych. Przeprowadzono weryfikację obliczonych parametrów poprzez porównanie badań laboratoryjnych z symulacją numeryczną tych prób wykonaną na podstawie wyznaczonych parametrów. |
| 653 ## - TERMIN INDEKSOWY - FORMA NIEKONTROLOWANA | |
| Termin indeksowy | Konstrukcje budowlane |
| 653 ## - TERMIN INDEKSOWY - FORMA NIEKONTROLOWANA | |
| Termin indeksowy | Powłoki tekstylne |
| 653 ## - TERMIN INDEKSOWY - FORMA NIEKONTROLOWANA | |
| Termin indeksowy | Przekrycia wiszące |
| 653 ## - TERMIN INDEKSOWY - FORMA NIEKONTROLOWANA | |
| Termin indeksowy | Badania reologiczne |
| 653 ## - TERMIN INDEKSOWY - FORMA NIEKONTROLOWANA | |
| Termin indeksowy | Sprężystość |
| 653 ## - TERMIN INDEKSOWY - FORMA NIEKONTROLOWANA | |
| Termin indeksowy | Lepkoplastyczność |
| 653 ## - TERMIN INDEKSOWY - FORMA NIEKONTROLOWANA | |
| Termin indeksowy | Analiza numeryczna |
| 658 ## - INDEX TERM--CURRICULUM OBJECTIVE | |
| Main curriculum objective | Architektura i budownictwo |
| 658 ## - INDEX TERM--CURRICULUM OBJECTIVE | |
| Main curriculum objective | Inżynieria i technika |
| 655 #4 - TERMIN INDEKSOWY - OKREŚLENIE RODZAJU/FORMY DOKUMENTU | |
| Określnie rodzaju/formy dokumentu | Rozprawa doktorska |
| 700 1# - HASŁO DODATKOWE - NAZWA OSOBOWA | |
| Nazwa osobowa | Kłosowski, Paweł. |
| Określenie związku między hasłem a opisywanym materiałem | Promotor |
| 700 1# - HASŁO DODATKOWE - NAZWA OSOBOWA | |
| Nazwa osobowa | Filipkowski, Jan. |
| Określenie związku między hasłem a opisywanym materiałem | Recenzja |
| 700 1# - HASŁO DODATKOWE - NAZWA OSOBOWA | |
| Nazwa osobowa | Woznica, Krzysztof. |
| Określenie związku między hasłem a opisywanym materiałem | Recenzja |
| 710 2# - HASŁO DODATKOWE - NAZWA CIAŁA ZBIOROWEGO | |
| Nazwa ciała zbiorowego lub jednostki geograficznej | Wydział Budownictwa i Inżynierii Środowiska (Politechnika Koszalińska). |
| 942 ## - HASŁO DODATKOWE - ELEMENTY(KOHA) | |
| Typ dokumentu | Rozprawa doktorska |
| Schemat klasyfikacji | Uniwersalna klasyfikacja dziesiętna |
| Wycofany | Zagubiony | Dołączone materiały | Uszkodzony | Dostępność | Lokalizacja stała | Lokalizacja bieżąca | Miejsce przechowywania | Sygnatura | Kod kreskowy | Typ dokumentu |
|---|---|---|---|---|---|---|---|---|---|---|
| 2 recenzje | Tylko na miejscu | Bibliografia Prac Pracowników - BPK | Bibliografia Prac Pracowników - BPK | Informatorium | RD 062 | 00901031 | Rozprawa doktorska |
